| 000 | 00564nam a22001937a 4500 | ||
|---|---|---|---|
| 005 | 20161024112101.0 | ||
| 010 | _aENG-116277 | ||
| 020 |
_a9788180903328 _c650.00 |
||
| 035 | _aEN-99809 | ||
| 037 | _bDBAD/PUB | ||
| 082 | _a954.082 | ||
| 100 | _a Verma, Abhas | ||
| 245 |
_aThird battle of Panipat / _cby Abhas Verma |
||
| 260 |
_a Delhi _bBhartiya Kala Prakashan _c2013 |
||
| 270 |
_a3421-A,Floor Narang Colony,Tri Narang _bDelhi _e110035 |
||
| 300 |
_axvii,326p. : _c21cm(Hb) _bill (maps) |
||
| 700 | _a | ||
| 942 |
_2ddc _cEN _h954.082 _mVER |
||
| 999 |
_c104164 _d104164 |
||